000 00310nam a22001337a 4500
008 180312b xxu||||| |||| 00| 0 eng d
020 _a9780205136971
041 _aeng
080 _24 ED
_a331.101.262
100 _a52
101 _aBNJ
245 _aBEHAVIOR IN ORGANIZATIONS
_cJERALD.G
942 _2udc
_cBK
999 _c44701
_d44701